MATLAB Programming for Biomedical Engineering and Statistics / (Record no. 593279)
[ view plain ]
| 000 -LEADER | |
|---|---|
| fixed length control field | 00911nam a22001817a 4500 |
| 003 - CONTROL NUMBER IDENTIFIER | |
| control field | NUST |
| 005 - DATE AND TIME OF LATEST TRANSACTION | |
| control field | 20260115091055.0 |
| 008 - FIXED-LENGTH DATA ELEMENTS--GENERAL INFORMATION | |
| fixed length control field | 230215b ||||| |||| 00| 0 eng d |
| 020 ## - INTERNATIONAL STANDARD BOOK NUMBER | |
| International Standard Book Number | 9780128122037 |
| 082 ## - DEWEY DECIMAL CLASSIFICATION NUMBER | |
| Classification number | 510.2855369,KIN |
| 100 ## - MAIN ENTRY--PERSONAL NAME | |
| Personal name | King, Andrew P. |
| 9 (RLIN) | 109059 |
| 245 ## - TITLE STATEMENT | |
| Title | MATLAB Programming for Biomedical Engineering and Statistics / |
| Statement of responsibility, etc. | Andrew P. King & Paul Aljabar |
| 260 ## - PUBLICATION, DISTRIBUTION, ETC. | |
| Place of publication, distribution, etc. | Academic Press |
| Name of publisher, distributor, etc. | USA |
| Date of publication, distribution, etc. | 2017 |
| 300 ## - PHYSICAL DESCRIPTION | |
| Extent | xxi, 301 p |
| 505 ## - FORMATTED CONTENTS NOTE | |
| Formatted contents note | Introduction to Computer Programming and MATLAB (Page-1), Control Structures (Page-31), Functions (Page-53), Programming Development and Testing (Page-81), Data Types (Page-109), File Input / Output (Page-143), Program Design (Page-161), Visualization (Page-175), Code Efficiency (Page-193), Signal and Image Processing (Page-221), Graphical user Interfaces (Page-255), Statistics (Page-279). |
| 650 ## - SUBJECT ADDED ENTRY--TOPICAL TERM | |
| Topical term or geographic name entry element | Biomedical Engineering |
| 942 ## - ADDED ENTRY ELEMENTS (KOHA) | |
| Source of classification or shelving scheme | |
| Koha item type | Book |
| Withdrawn status | Lost status | Source of classification or shelving scheme | Damaged status | Not for loan | Permanent Location | Current Location | Shelving location | Date acquired | Total Checkouts | Full call number | Barcode | Date last seen | Date last checked out | Price effective from | Koha item type | Public note |
|---|---|---|---|---|---|---|---|---|---|---|---|---|---|---|---|---|
| Military College of Signals (MCS) | Military College of Signals (MCS) | General Stacks | 02/15/2023 | 1 | 510.2855369,KIN | MCS38136 | 01/14/2026 | 02/15/2023 | 02/15/2023 | Book | Almirah Fresh No.44, Shelf No.5 |
